Normal view
MARC view
- الساسيون الاردنيون-تراجم، الاردن-تاريخ-قرن 20، الرفاعي، عبد المنعم 1917
Entry Topical Term
001 - CONTROL NUMBER
- control field: 49277
003 - CONTROL NUMBER IDENTIFIER
- control field: JO-AjAnu
005 - DATE AND TIME OF LATEST TRANSACTION
- control field: 20230606082124.0
008 - FIXED-LENGTH DATA ELEMENTS
- fixed length control field: 230606|| aca||aabn | a|a d
040 ## - CATALOGING SOURCE
- Original cataloging agency: JO-AjAnu
- Transcribing agency: JO-AjAnu
150 ## - HEADING--TOPICAL TERM
- Topical term or geographic name entry element: الساسيون الاردنيون-تراجم، الاردن-تاريخ-قرن 20، الرفاعي، عبد المنعم 1917
670 ## - SOURCE DATA FOUND
- Source citation: Work cat.: (JO-AjAnu)25201: الرفاعي، عبد المنعم, author 49276, الأمواج: صفحات من رحلة الحياة